Determinations of the magnetic susceptibility of ores and rocks from Swedish iron ore deposits, (Record no. 28217)

MARC details
000 -LEADER
fixed length control field 01113cam a22002891 4500
001 - CONTROL NUMBER
control field gs 47000338
003 - CONTROL NUMBER IDENTIFIER
control field DLC
005 - DATE AND TIME OF LATEST TRANSACTION
control field 20260227111353.0
008 - FIXED-LENGTH DATA ELEMENTS--GENERAL INFORMATION
fixed length control field 891025s1945 sw a b 000 0 eng c
010 ## - LIBRARY OF CONGRESS CONTROL NUMBER
LC control number gs 47000338
035 ## - SYSTEM CONTROL NUMBER
System control number (OCoLC)20549727
040 ## - CATALOGING SOURCE
Original cataloging agency U.S. Geol. Survey. Library
Transcribing agency CU
Modifying agency CU
-- DLC
042 ## - AUTHENTICATION CODE
Authentication code premarc
050 00 - LIBRARY OF CONGRESS CALL NUMBER
Classification number QE282
Item number .A3 ser. C, no. 472
082 ## - DEWEY DECIMAL CLASSIFICATION NUMBER
Classification number 553.3
100 1# - MAIN ENTRY--PERSONAL NAME
Personal name Werner, Sture,
Dates associated with a name 1908-
245 00 - TITLE STATEMENT
Title Determinations of the magnetic susceptibility of ores and rocks from Swedish iron ore deposits,
Statement of responsibility, etc. by Sture Werner.
260 ## - PUBLICATION, DISTRIBUTION, ETC.
Place of publication, distribution, etc. Stockholm,
Name of publisher, distributor, etc. Kungl. boktryckeriet, P.A. Norstedt & söner,
Date of publication, distribution, etc. 1945.
300 ## - PHYSICAL DESCRIPTION
Extent 79 p. incl. tables, diagrs.
Dimensions 24 cm.
490 1# - SERIES STATEMENT
Series statement Sweden. Geologiska undersökningen. Ser. C. Avhandlingar och uppsatser.
Volume/sequential designation n:o 472. Årsbok 39 (1945) n:o 5
504 ## - BIBLIOGRAPHY, ETC. NOTE
Bibliography, etc. note "References": p. 78-79.
650 #0 - SUBJECT ADDED ENTRY--TOPICAL TERM
Topical term or geographic name entry element Iron ores
Geographic subdivision Sweden.
650 #0 - SUBJECT ADDED ENTRY--TOPICAL TERM
Topical term or geographic name entry element Magnetic testing.
740 0# - ADDED ENTRY--UNCONTROLLED RELATED/ANALYTICAL TITLE
Uncontrolled related/analytical title Magnetic susceptibility of ores and rocks.
830 #0 - SERIES ADDED ENTRY--UNIFORM TITLE
Uniform title Ser. C--Avhandlingar och uppsatser ;
Volume/sequential designation n:o 472.
830 #0 - SERIES ADDED ENTRY--UNIFORM TITLE
Uniform title Årsbok (Sveriges geologiska undersökning) ;
Volume/sequential designation 39 : n:o 5.

No items available.

Powered by Koha